000 00759nam a2200241Ia 4500
003 OSt
005 20220930070449.0
006 a|||||r|||| 00| 0
007 ta
008 220926b |||||||| |||| 00| 0 eng d
024 _a7055
037 _cTheses
040 _aCRL
_cCRL
_beng
041 _2eng
_aeng
100 _aShrestha Vinod Prasad
_9391150
110 _aUniversity of Delhi. Faculty of Social Sciences. Department of Geography
245 0 _aResources population relationships and ecological degraddation in tinau watershed Nepal
260 _c1986
650 _aGEOGRAPHY
700 _aUniversity of Delhi. Faculty of Social Sciences. Department of Geography
942 _cDIS
_2CC
999 _c860966
_d860966